LEADER 01767nam a2200325 u 4500 001 000000091784 003 CaOOAMICUS 005 20070226124852.0 008 060327s1988 gw u000 u ger u 020 $a3820412115 035 $a11083290 040 $aPUL(R)$bita 041 0 $ager$amul 245 00$aEntwicklung zur Menschlichkeit durch Begegnung westlicher und óstlicher Kultur :$bAkten des IV. interkontinentalen Kolloquiums zur philosophischen In-sistenzanthropologie, 1.-6. September 1986 an der Universitát Bamberg /$cherausgegeben von Heinrich Beck und Ismael Quiles. 260 $aFrankfurt am Main :$bP. Lang,$c1988. 300 $a391 p. ;$c21 cm 490 1 $aSchriften zur Triadik und Ontodynamik, ;$vBd. 1 500 $aTesto in tedesco, spagnolo, inglese e francese. 500 $aIndici: p. 371-391. 504 $aContiene riferimenti bibliografici. 650 4$aAntropologia filosofica$xStudi.$0(OLS)http://pul/subject/29402 700 1 $aQuiles, Ismael,$cS.I.$0(OLS)http://pul/name/42363 700 1 $aBeck, Heinrich.$0(OLS)http://pul/name/412 830 0$aSchriften zur Triadik und Ontodynamik,$x0932-2434 ;$vBd. 1.$0(OLS)http://pul/title/118456 850 $aPUL 852 $aPUL$W1$xDP1 Fondo Seidl$y56$m3 A 12$j41826$nBK-PRI$b $qFondi$B115543$CPULBib$Z2$F115543 $HPUL91796 $81 941 1 $a1 996 $6020$a3820412115$9(OLS)http://pul/number/120349 996 $6245$aEntwicklung zur Menschlichkeit durch Begegnung westlicher und óstlicher Kultur :$bAkten des IV. interkontinentalen Kolloquiums zur philosophischen In-sistenzanthropologie, 1.-6. September 1986 an der Universitát Bamberg$9(OLS)http://pul/title/118455 996 $6260$aFrankfurt am Main :$bP. Lang$9(OLS)http://pul/publisher/51600 LEADER 01228nam a2200265 u 4500 001 000000115525 003 CaOOAMICUS 005 20090505183923.0 008 090505s2009 it a u000 u ita r 040 $aPUL$bita$dLDB 245 00$aMedioevo centrale :$barti visive, musica. 260 $aMilano :$bFederico Motta ;$aRoma :$bGruppo editoriale l'Espresso,$cc2009. 300 $a671 p. :$bill. ;$c24 cm. 490 1 $aMedioevo ;$v06 500 $aEdizione speciale per Gruppo Editoriale l'Espresso. 650 4$aArte medievale.$0(OLS)http://pul/subject/27024 650 4$aMusica$yEvo medio.$0(OLS)http://pul/subject/30429 700 1 $aEco, Umberto,$d1932-2016.$0(OLS)http://pul/name/11020 830 0$aMedioevo (Federico Motta ; L'Espresso) ;$v06.$0(OLS)http://pul/title/144320 850 $aPUL 852 $aPUL$W1$xSL Cons. Gen., Altre Classi 3$y75$m940. 1 ECOUM 1.6$j132335$qDDC 21$B131332$CPULBib$Z2$F131332 $H110217 $82 941 1 $a9 996 $6245$aMedioevo centrale :$barti visive, musica$9(OLS)http://pul/title/145154 996 $6260$aMilano :$bFederico Motta$9(OLS)http://pul/publisher/78214 996 $6260$aRoma :$bGruppo editoriale l'Espresso$9(OLS)http://pul/publisher/79104